| 000 | 00000nam##2200000za#4500 |
| 001 | 9.608205 |
| 003 | CaOODSP |
| 005 | 20240228150754 |
| 007 | cr ||||||||||| |
| 008 | 150406|2015||||xxc|||||o f|0| 0 fre|d |
| 020 | |a978-0-660-23135-8 |
| 040 | |aCaOODSP|bfre |
| 043 | |an-cn--- |
| 086 | 1 |aEm15-1/11-2015F-PDF |
| 110 | 1 |aCanada. |bEmploi et développement social Canada. |
| 245 | 10|aFerblantier/ferblantière / |h[ressource électronique]|c[par] Division des métiers et de l'apprentissage, Direction de l'intégration au marché du travail. |
| 260 | |aGatineau - Québec : |bEmploi et Développement social Canada |c2015. |
| 300 | |a103p.|bfigure, glossaire, tableaux |
| 490 | 1 |aSérie d'analyses de professions|vClassification nationale des professions : 7233 |
| 590 | |a15-10|b2015-03-06 |
| 691 | 07|aProfession|2gcpds |
| 775 | 08|tSheet metal worker / |w(CaOODSP)9.581382 |
| 830 | #0|aSérie d'analyses de professions ;|vClassification nationale des professions : 7233|w(CaOODSP)9.501731 |
| 856 | 40|ahttp://publications.gc.ca|qPDF|s1.31 Mo|uhttps://publications.gc.ca/collections/collection_2015/edsc-esdc/Em15-1-11-2015-fra.pdf|yClassification nationale des professions : 7233 |
| 986 | |aLM-488-01-15F |